<?xml version="1.0" encoding="UTF-8"?>
<record
    xmlns:xsi="http://www.w3.org/2001/XMLSchema-instance"
    xsi:schemaLocation="http://www.loc.gov/MARC21/slim http://www.loc.gov/standards/marcxml/schema/MARC21slim.xsd"
    xmlns="http://www.loc.gov/MARC21/slim">

  <leader>01245nas a2200277 454500</leader>
  <controlfield tag="001">27619</controlfield>
  <controlfield tag="005">20260407193507.0</controlfield>
  <controlfield tag="008">260407s2014####ag###########|||spa#d</controlfield>
  <controlfield tag="003">AR-UNSa-BCEJYS</controlfield>
  <datafield tag="040" ind1=" " ind2=" ">
    <subfield code="a">AR-UNSa-BCEJYS</subfield>
    <subfield code="b">spa</subfield>
    <subfield code="c">AR-UNSa-BCEJYS</subfield>
  </datafield>
  <datafield tag="080" ind1=" " ind2=" ">
    <subfield code="a">349.2</subfield>
    <subfield code="x">Derecho del Trabajo</subfield>
  </datafield>
  <datafield tag="245" ind1="1" ind2="0">
    <subfield code="a">Temas de derecho laboral</subfield>
  </datafield>
  <datafield tag="264" ind1=" " ind2="1">
    <subfield code="a">Buenos Aires :</subfield>
    <subfield code="b">Erreius</subfield>
    <subfield code="c">2014</subfield>
  </datafield>
  <datafield tag="310" ind1=" " ind2=" ">
    <subfield code="a">Frecuencia: Mensual
A partir del n&#xFA;mero correspondiente al mes de Febrero de 2024, cambia de periodicidad en forma bimestral
Cambia de Director a partir del mes de Septiembre de 2017, por Carlos A. Toselli y N&#xE9;stor A. Fasciolo
Cambia de T&#xED;tulo a partir del mes de Octubre de 2017 por "Temas de Derecho Laboral y de la Seguridad Social"
Cambia de Director a partir del mes de Junio de 2019, por Carlos A. Toselli y Patricio J. Torti Cerquetti</subfield>
  </datafield>
  <datafield tag="041" ind1=" " ind2=" ">
    <subfield code="a">spa</subfield>
  </datafield>
  <datafield tag="942" ind1=" " ind2=" ">
    <subfield code="c">SER</subfield>
  </datafield>
  <datafield tag="590" ind1=" " ind2=" ">
    <subfield code="a">niveau_biblio:s niveau_hierar:1</subfield>
  </datafield>
  <datafield tag="100" ind1="1" ind2=" ">
    <subfield code="a">Garc&#xED;a Vior, Andrea E.</subfield>
  </datafield>
  <datafield tag="650" ind1=" " ind2=" ">
    <subfield code="a">Seguridad social</subfield>
  </datafield>
  <datafield tag="650" ind1=" " ind2=" ">
    <subfield code="a">Derecho del trabajo</subfield>
  </datafield>
  <datafield tag="650" ind1=" " ind2=" ">
    <subfield code="a">Derecho laboral</subfield>
  </datafield>
  <datafield tag="650" ind1=" " ind2=" ">
    <subfield code="a">Legislaci&#xF3;n</subfield>
  </datafield>
  <datafield tag="650" ind1=" " ind2=" ">
    <subfield code="a">JURISPRUDENCIA</subfield>
  </datafield>
  <datafield tag="650" ind1=" " ind2=" ">
    <subfield code="a">DOCTRINA</subfield>
  </datafield>
  <datafield tag="856" ind1="4" ind2="1">
    <subfield code="u">https://biblioeco.unsa.edu.ar/pmb/images/revistas/R10500.jpg</subfield>
    <subfield code="y">Imagen de portada</subfield>
    <subfield code="q">image/jpeg</subfield>
  </datafield>
  <datafield tag="999" ind1=" " ind2=" ">
    <subfield code="c">8622</subfield>
    <subfield code="d">8622</subfield>
  </datafield>
  <datafield tag="952" ind1=" " ind2=" ">
    <subfield code="0">0</subfield>
    <subfield code="1">0</subfield>
    <subfield code="4">0</subfield>
    <subfield code="7">0</subfield>
    <subfield code="a">BCEJYS</subfield>
    <subfield code="b">BCEJYS</subfield>
    <subfield code="c">17</subfield>
    <subfield code="d">2024-08-01</subfield>
    <subfield code="h">A&#xF1;o 10, N&#xB0; 8/9 - ago./sep. 2024</subfield>
    <subfield code="l">0</subfield>
    <subfield code="o">H349.2 TEM 8/9.2024</subfield>
    <subfield code="p">R23360</subfield>
    <subfield code="r">2026-04-10 16:08:38</subfield>
    <subfield code="w">2026-04-10</subfield>
    <subfield code="y">RN</subfield>
  </datafield>
  <datafield tag="952" ind1=" " ind2=" ">
    <subfield code="0">0</subfield>
    <subfield code="1">0</subfield>
    <subfield code="4">0</subfield>
    <subfield code="7">0</subfield>
    <subfield code="a">BCEJYS</subfield>
    <subfield code="b">BCEJYS</subfield>
    <subfield code="c">17</subfield>
    <subfield code="d">2024-06-01</subfield>
    <subfield code="h">A&#xF1;o 10, N&#xB0; 6/7 - jun./jul. 2024</subfield>
    <subfield code="l">0</subfield>
    <subfield code="o">H349.2 TEM 6/7.2024</subfield>
    <subfield code="p">R23336</subfield>
    <subfield code="r">2026-04-10 16:08:38</subfield>
    <subfield code="w">2026-04-10</subfield>
    <subfield code="y">RN</subfield>
  </datafield>
  <datafield tag="952" ind1=" " ind2=" ">
    <subfield code="0">0</subfield>
    <subfield code="1">0</subfield>
    <subfield code="4">0</subfield>
    <subfield code="7">0</subfield>
    <subfield code="a">BCEJYS</subfield>
    <subfield code="b">BCEJYS</subfield>
    <subfield code="c">17</subfield>
    <subfield code="d">2024-04-01</subfield>
    <subfield code="h">A&#xF1;o 10, N&#xB0; 4/5 - abr./mayo 2024</subfield>
    <subfield code="l">0</subfield>
    <subfield code="o">H349.2 TEM 4/5.2024</subfield>
    <subfield code="p">R23337</subfield>
    <subfield code="r">2026-04-10 16:08:38</subfield>
    <subfield code="w">2026-04-10</subfield>
    <subfield code="y">RN</subfield>
  </datafield>
  <datafield tag="952" ind1=" " ind2=" ">
    <subfield code="0">0</subfield>
    <subfield code="1">0</subfield>
    <subfield code="4">0</subfield>
    <subfield code="7">0</subfield>
    <subfield code="a">BCEJYS</subfield>
    <subfield code="b">BCEJYS</subfield>
    <subfield code="c">17</subfield>
    <subfield code="d">2024-02-01</subfield>
    <subfield code="h">A&#xF1;o 10, N&#xB0; 2/3 - feb./mar. 2024</subfield>
    <subfield code="l">0</subfield>
    <subfield code="o">H349.2 TEM 2/3.2024</subfield>
    <subfield code="p">R00492</subfield>
    <subfield code="r">2026-04-10 16:08:38</subfield>
    <subfield code="w">2026-04-10</subfield>
    <subfield code="y">RN</subfield>
  </datafield>
  <datafield tag="952" ind1=" " ind2=" ">
    <subfield code="0">0</subfield>
    <subfield code="1">0</subfield>
    <subfield code="4">0</subfield>
    <subfield code="7">0</subfield>
    <subfield code="a">BCEJYS</subfield>
    <subfield code="b">BCEJYS</subfield>
    <subfield code="c">17</subfield>
    <subfield code="d">2023-12-01</subfield>
    <subfield code="h">A&#xF1;o 9, N&#xB0; 12 - dic. 2023</subfield>
    <subfield code="l">0</subfield>
    <subfield code="o">H349.2 TEM 12.2023</subfield>
    <subfield code="p">R00469</subfield>
    <subfield code="r">2026-04-10 16:08:38</subfield>
    <subfield code="w">2026-04-10</subfield>
    <subfield code="y">RN</subfield>
  </datafield>
  <datafield tag="952" ind1=" " ind2=" ">
    <subfield code="0">0</subfield>
    <subfield code="1">0</subfield>
    <subfield code="4">0</subfield>
    <subfield code="7">0</subfield>
    <subfield code="a">BCEJYS</subfield>
    <subfield code="b">BCEJYS</subfield>
    <subfield code="c">17</subfield>
    <subfield code="d">2023-11-01</subfield>
    <subfield code="h">A&#xF1;o 9, N&#xB0; 11 - nov. 2023</subfield>
    <subfield code="l">0</subfield>
    <subfield code="o">H349.2 TEM 11.2023</subfield>
    <subfield code="p">R10426</subfield>
    <subfield code="r">2026-04-10 16:08:39</subfield>
    <subfield code="w">2026-04-10</subfield>
    <subfield code="y">RN</subfield>
  </datafield>
  <datafield tag="952" ind1=" " ind2=" ">
    <subfield code="0">0</subfield>
    <subfield code="1">0</subfield>
    <subfield code="4">0</subfield>
    <subfield code="7">0</subfield>
    <subfield code="a">BCEJYS</subfield>
    <subfield code="b">BCEJYS</subfield>
    <subfield code="c">17</subfield>
    <subfield code="d">2023-10-01</subfield>
    <subfield code="h">A&#xF1;o 9, N&#xB0; 10 - oct. 2023</subfield>
    <subfield code="l">0</subfield>
    <subfield code="o">H349.2 TEM 10.2023</subfield>
    <subfield code="p">R10434</subfield>
    <subfield code="r">2026-04-10 16:08:39</subfield>
    <subfield code="w">2026-04-10</subfield>
    <subfield code="y">RN</subfield>
  </datafield>
  <datafield tag="952" ind1=" " ind2=" ">
    <subfield code="0">0</subfield>
    <subfield code="1">0</subfield>
    <subfield code="4">0</subfield>
    <subfield code="7">0</subfield>
    <subfield code="a">BCEJYS</subfield>
    <subfield code="b">BCEJYS</subfield>
    <subfield code="c">17</subfield>
    <subfield code="d">2023-09-01</subfield>
    <subfield code="h">A&#xF1;o 9, N&#xB0; 9 - sep. 2023</subfield>
    <subfield code="l">0</subfield>
    <subfield code="o">H349.2 TEM 9.2023</subfield>
    <subfield code="p">R10408</subfield>
    <subfield code="r">2026-04-10 16:08:39</subfield>
    <subfield code="w">2026-04-10</subfield>
    <subfield code="y">RN</subfield>
  </datafield>
  <datafield tag="952" ind1=" " ind2=" ">
    <subfield code="0">0</subfield>
    <subfield code="1">0</subfield>
    <subfield code="4">0</subfield>
    <subfield code="7">0</subfield>
    <subfield code="a">BCEJYS</subfield>
    <subfield code="b">BCEJYS</subfield>
    <subfield code="c">17</subfield>
    <subfield code="d">2023-08-01</subfield>
    <subfield code="h">A&#xF1;o 9, N&#xB0; 8 - ago. 2023</subfield>
    <subfield code="l">0</subfield>
    <subfield code="o">H349.2 TEM 8.2023</subfield>
    <subfield code="p">R10470</subfield>
    <subfield code="r">2026-04-10 16:08:39</subfield>
    <subfield code="w">2026-04-10</subfield>
    <subfield code="y">RN</subfield>
  </datafield>
  <datafield tag="952" ind1=" " ind2=" ">
    <subfield code="0">0</subfield>
    <subfield code="1">0</subfield>
    <subfield code="4">0</subfield>
    <subfield code="7">0</subfield>
    <subfield code="a">BCEJYS</subfield>
    <subfield code="b">BCEJYS</subfield>
    <subfield code="c">17</subfield>
    <subfield code="d">2023-07-01</subfield>
    <subfield code="h">A&#xF1;o 9, N&#xB0; 7 - jul. 2023</subfield>
    <subfield code="l">0</subfield>
    <subfield code="o">H349.2 TEM 7.2023</subfield>
    <subfield code="p">R10375</subfield>
    <subfield code="r">2026-04-10 16:08:39</subfield>
    <subfield code="w">2026-04-10</subfield>
    <subfield code="y">RN</subfield>
  </datafield>
  <datafield tag="952" ind1=" " ind2=" ">
    <subfield code="0">0</subfield>
    <subfield code="1">0</subfield>
    <subfield code="4">0</subfield>
    <subfield code="7">0</subfield>
    <subfield code="a">BCEJYS</subfield>
    <subfield code="b">BCEJYS</subfield>
    <subfield code="c">17</subfield>
    <subfield code="d">2023-06-01</subfield>
    <subfield code="h">A&#xF1;o 9, N&#xB0; 6 - jun. 2023</subfield>
    <subfield code="l">0</subfield>
    <subfield code="o">H349.2 TEM 6.2023</subfield>
    <subfield code="p">R10483</subfield>
    <subfield code="r">2026-04-10 16:08:39</subfield>
    <subfield code="w">2026-04-10</subfield>
    <subfield code="y">RN</subfield>
  </datafield>
  <datafield tag="952" ind1=" " ind2=" ">
    <subfield code="0">0</subfield>
    <subfield code="1">0</subfield>
    <subfield code="4">0</subfield>
    <subfield code="7">0</subfield>
    <subfield code="a">BCEJYS</subfield>
    <subfield code="b">BCEJYS</subfield>
    <subfield code="c">17</subfield>
    <subfield code="d">2023-05-01</subfield>
    <subfield code="h">A&#xF1;o 9, N&#xB0; 5 - mayo 2023</subfield>
    <subfield code="l">0</subfield>
    <subfield code="o">H349.2 TEM 5.2023</subfield>
    <subfield code="p">R10485</subfield>
    <subfield code="r">2026-04-10 16:08:39</subfield>
    <subfield code="w">2026-04-10</subfield>
    <subfield code="y">RN</subfield>
  </datafield>
  <datafield tag="952" ind1=" " ind2=" ">
    <subfield code="0">0</subfield>
    <subfield code="1">0</subfield>
    <subfield code="4">0</subfield>
    <subfield code="7">0</subfield>
    <subfield code="a">BCEJYS</subfield>
    <subfield code="b">BCEJYS</subfield>
    <subfield code="c">17</subfield>
    <subfield code="d">2023-04-01</subfield>
    <subfield code="h">A&#xF1;o 9, N&#xB0; 4 - abr. 2023</subfield>
    <subfield code="l">0</subfield>
    <subfield code="o">H349.2 TEM 4.2023</subfield>
    <subfield code="p">R00522</subfield>
    <subfield code="r">2026-04-10 16:08:39</subfield>
    <subfield code="w">2026-04-10</subfield>
    <subfield code="y">RN</subfield>
  </datafield>
  <datafield tag="952" ind1=" " ind2=" ">
    <subfield code="0">0</subfield>
    <subfield code="1">0</subfield>
    <subfield code="4">0</subfield>
    <subfield code="7">0</subfield>
    <subfield code="a">BCEJYS</subfield>
    <subfield code="b">BCEJYS</subfield>
    <subfield code="c">17</subfield>
    <subfield code="d">2023-03-01</subfield>
    <subfield code="h">A&#xF1;o 9, N&#xB0; 3 - mar. 2023</subfield>
    <subfield code="l">0</subfield>
    <subfield code="o">H349.2 TEM 3.2023</subfield>
    <subfield code="p">R10386</subfield>
    <subfield code="r">2026-04-10 16:08:39</subfield>
    <subfield code="w">2026-04-10</subfield>
    <subfield code="y">RN</subfield>
  </datafield>
  <datafield tag="952" ind1=" " ind2=" ">
    <subfield code="0">0</subfield>
    <subfield code="1">0</subfield>
    <subfield code="4">0</subfield>
    <subfield code="7">0</subfield>
    <subfield code="a">BCEJYS</subfield>
    <subfield code="b">BCEJYS</subfield>
    <subfield code="c">17</subfield>
    <subfield code="d">2023-02-01</subfield>
    <subfield code="h">A&#xF1;o 9, N&#xB0; 2 - feb. 2023</subfield>
    <subfield code="l">0</subfield>
    <subfield code="o">H349.2 TEM 2.2023</subfield>
    <subfield code="p">R10500</subfield>
    <subfield code="r">2026-04-10 16:08:39</subfield>
    <subfield code="w">2026-04-10</subfield>
    <subfield code="y">RN</subfield>
  </datafield>
  <datafield tag="952" ind1=" " ind2=" ">
    <subfield code="0">0</subfield>
    <subfield code="1">0</subfield>
    <subfield code="4">0</subfield>
    <subfield code="7">0</subfield>
    <subfield code="a">BCEJYS</subfield>
    <subfield code="b">BCEJYS</subfield>
    <subfield code="c">17</subfield>
    <subfield code="d">2022-12-01</subfield>
    <subfield code="h">A&#xF1;o 8, N&#xB0; 12 - dic. 2022</subfield>
    <subfield code="l">0</subfield>
    <subfield code="o">H349.2 TEM 12.2022</subfield>
    <subfield code="p">R10513</subfield>
    <subfield code="r">2026-04-10 16:08:39</subfield>
    <subfield code="w">2026-04-10</subfield>
    <subfield code="y">RN</subfield>
  </datafield>
  <datafield tag="952" ind1=" " ind2=" ">
    <subfield code="0">0</subfield>
    <subfield code="1">0</subfield>
    <subfield code="4">0</subfield>
    <subfield code="7">0</subfield>
    <subfield code="a">BCEJYS</subfield>
    <subfield code="b">BCEJYS</subfield>
    <subfield code="c">17</subfield>
    <subfield code="d">2022-11-01</subfield>
    <subfield code="h">A&#xF1;o 8, N&#xB0; 11 - nov. 2022</subfield>
    <subfield code="l">0</subfield>
    <subfield code="o">H349.2 TEM 11.2022</subfield>
    <subfield code="p">R00461</subfield>
    <subfield code="r">2026-04-10 16:08:39</subfield>
    <subfield code="w">2026-04-10</subfield>
    <subfield code="y">RN</subfield>
  </datafield>
  <datafield tag="952" ind1=" " ind2=" ">
    <subfield code="0">0</subfield>
    <subfield code="1">0</subfield>
    <subfield code="4">0</subfield>
    <subfield code="7">0</subfield>
    <subfield code="a">BCEJYS</subfield>
    <subfield code="b">BCEJYS</subfield>
    <subfield code="c">17</subfield>
    <subfield code="d">2022-10-01</subfield>
    <subfield code="h">A&#xF1;o 8, N&#xB0; 10 - oct. 2022</subfield>
    <subfield code="l">0</subfield>
    <subfield code="o">H349.2 TEM 10.2022</subfield>
    <subfield code="p">R10540</subfield>
    <subfield code="r">2026-04-10 16:08:39</subfield>
    <subfield code="w">2026-04-10</subfield>
    <subfield code="y">RN</subfield>
  </datafield>
  <datafield tag="952" ind1=" " ind2=" ">
    <subfield code="0">0</subfield>
    <subfield code="1">0</subfield>
    <subfield code="4">0</subfield>
    <subfield code="7">0</subfield>
    <subfield code="a">BCEJYS</subfield>
    <subfield code="b">BCEJYS</subfield>
    <subfield code="c">17</subfield>
    <subfield code="d">2022-09-01</subfield>
    <subfield code="h">A&#xF1;o 8, N&#xB0; 9 - sep. 2022</subfield>
    <subfield code="l">0</subfield>
    <subfield code="o">H349.2 TEM 9.2022</subfield>
    <subfield code="p">R10455</subfield>
    <subfield code="r">2026-04-10 16:08:39</subfield>
    <subfield code="w">2026-04-10</subfield>
    <subfield code="y">RN</subfield>
  </datafield>
  <datafield tag="952" ind1=" " ind2=" ">
    <subfield code="0">0</subfield>
    <subfield code="1">0</subfield>
    <subfield code="4">0</subfield>
    <subfield code="7">0</subfield>
    <subfield code="a">BCEJYS</subfield>
    <subfield code="b">BCEJYS</subfield>
    <subfield code="c">17</subfield>
    <subfield code="d">2022-08-01</subfield>
    <subfield code="h">A&#xF1;o 8, N&#xB0; 8 - ago. 2022</subfield>
    <subfield code="l">0</subfield>
    <subfield code="o">H349.2 TEM 8.2022</subfield>
    <subfield code="p">R09752</subfield>
    <subfield code="r">2026-04-10 16:08:39</subfield>
    <subfield code="w">2026-04-10</subfield>
    <subfield code="y">RN</subfield>
  </datafield>
  <datafield tag="952" ind1=" " ind2=" ">
    <subfield code="0">0</subfield>
    <subfield code="1">0</subfield>
    <subfield code="4">0</subfield>
    <subfield code="7">0</subfield>
    <subfield code="a">BCEJYS</subfield>
    <subfield code="b">BCEJYS</subfield>
    <subfield code="c">17</subfield>
    <subfield code="d">2022-07-01</subfield>
    <subfield code="h">A&#xF1;o 8, N&#xB0; 7 - jul. 2022</subfield>
    <subfield code="l">0</subfield>
    <subfield code="o">H349.2 TEM 7.2022</subfield>
    <subfield code="p">R09909</subfield>
    <subfield code="r">2026-04-10 16:08:39</subfield>
    <subfield code="w">2026-04-10</subfield>
    <subfield code="y">RN</subfield>
  </datafield>
  <datafield tag="952" ind1=" " ind2=" ">
    <subfield code="0">0</subfield>
    <subfield code="1">0</subfield>
    <subfield code="4">0</subfield>
    <subfield code="7">0</subfield>
    <subfield code="a">BCEJYS</subfield>
    <subfield code="b">BCEJYS</subfield>
    <subfield code="c">17</subfield>
    <subfield code="d">2022-06-01</subfield>
    <subfield code="h">N&#xB0; 6 - jun. 2022</subfield>
    <subfield code="l">0</subfield>
    <subfield code="o">H349.2 TEM 6.2022</subfield>
    <subfield code="p">R09842</subfield>
    <subfield code="r">2026-04-10 16:08:39</subfield>
    <subfield code="w">2026-04-10</subfield>
    <subfield code="y">RN</subfield>
  </datafield>
  <datafield tag="952" ind1=" " ind2=" ">
    <subfield code="0">0</subfield>
    <subfield code="1">0</subfield>
    <subfield code="4">0</subfield>
    <subfield code="7">0</subfield>
    <subfield code="a">BCEJYS</subfield>
    <subfield code="b">BCEJYS</subfield>
    <subfield code="c">17</subfield>
    <subfield code="d">2022-05-01</subfield>
    <subfield code="h">N&#xB0; 5 - mayo 2022</subfield>
    <subfield code="l">0</subfield>
    <subfield code="o">H349.2 TEM 5.2022</subfield>
    <subfield code="p">R14131</subfield>
    <subfield code="r">2026-04-10 16:08:39</subfield>
    <subfield code="w">2026-04-10</subfield>
    <subfield code="y">RN</subfield>
  </datafield>
  <datafield tag="952" ind1=" " ind2=" ">
    <subfield code="0">0</subfield>
    <subfield code="1">0</subfield>
    <subfield code="4">0</subfield>
    <subfield code="7">0</subfield>
    <subfield code="a">BCEJYS</subfield>
    <subfield code="b">BCEJYS</subfield>
    <subfield code="c">17</subfield>
    <subfield code="d">2022-04-01</subfield>
    <subfield code="h">N&#xB0; 4 - abr. 2022</subfield>
    <subfield code="l">0</subfield>
    <subfield code="o">H349.2 TEM 4.2022</subfield>
    <subfield code="p">R14065</subfield>
    <subfield code="r">2026-04-10 16:08:39</subfield>
    <subfield code="w">2026-04-10</subfield>
    <subfield code="y">RN</subfield>
  </datafield>
  <datafield tag="952" ind1=" " ind2=" ">
    <subfield code="0">0</subfield>
    <subfield code="1">0</subfield>
    <subfield code="4">0</subfield>
    <subfield code="7">0</subfield>
    <subfield code="a">BCEJYS</subfield>
    <subfield code="b">BCEJYS</subfield>
    <subfield code="c">17</subfield>
    <subfield code="d">2022-03-01</subfield>
    <subfield code="h">N&#xB0; 3 - mar. 2022</subfield>
    <subfield code="l">0</subfield>
    <subfield code="o">H349.2 TEM 3.2022</subfield>
    <subfield code="p">R14055</subfield>
    <subfield code="r">2026-04-10 16:08:39</subfield>
    <subfield code="w">2026-04-10</subfield>
    <subfield code="y">RN</subfield>
  </datafield>
  <datafield tag="952" ind1=" " ind2=" ">
    <subfield code="0">0</subfield>
    <subfield code="1">0</subfield>
    <subfield code="4">0</subfield>
    <subfield code="7">0</subfield>
    <subfield code="a">BCEJYS</subfield>
    <subfield code="b">BCEJYS</subfield>
    <subfield code="c">17</subfield>
    <subfield code="d">2022-02-01</subfield>
    <subfield code="h">N&#xB0; 2 - feb. 2022</subfield>
    <subfield code="l">0</subfield>
    <subfield code="o">H349.2 TEM 2.2022</subfield>
    <subfield code="p">R01538</subfield>
    <subfield code="r">2026-04-10 16:08:39</subfield>
    <subfield code="w">2026-04-10</subfield>
    <subfield code="y">RN</subfield>
  </datafield>
  <datafield tag="952" ind1=" " ind2=" ">
    <subfield code="0">0</subfield>
    <subfield code="1">0</subfield>
    <subfield code="4">0</subfield>
    <subfield code="7">0</subfield>
    <subfield code="a">BCEJYS</subfield>
    <subfield code="b">BCEJYS</subfield>
    <subfield code="c">17</subfield>
    <subfield code="d">2021-12-01</subfield>
    <subfield code="h">N&#xB0; 12 - dic. 2021</subfield>
    <subfield code="l">0</subfield>
    <subfield code="o">H349.2 TEM 12.2021</subfield>
    <subfield code="p">R09899</subfield>
    <subfield code="r">2026-04-10 16:08:39</subfield>
    <subfield code="w">2026-04-10</subfield>
    <subfield code="y">RN</subfield>
  </datafield>
  <datafield tag="952" ind1=" " ind2=" ">
    <subfield code="0">0</subfield>
    <subfield code="1">0</subfield>
    <subfield code="4">0</subfield>
    <subfield code="7">0</subfield>
    <subfield code="a">BCEJYS</subfield>
    <subfield code="b">BCEJYS</subfield>
    <subfield code="c">17</subfield>
    <subfield code="d">2021-11-01</subfield>
    <subfield code="h">N&#xB0; 11 - nov. 2021</subfield>
    <subfield code="l">0</subfield>
    <subfield code="o">H349.2 TEM 11.2021</subfield>
    <subfield code="p">R23309</subfield>
    <subfield code="r">2026-04-10 16:08:39</subfield>
    <subfield code="w">2026-04-10</subfield>
    <subfield code="y">RN</subfield>
  </datafield>
  <datafield tag="952" ind1=" " ind2=" ">
    <subfield code="0">0</subfield>
    <subfield code="1">0</subfield>
    <subfield code="4">0</subfield>
    <subfield code="7">0</subfield>
    <subfield code="a">BCEJYS</subfield>
    <subfield code="b">BCEJYS</subfield>
    <subfield code="c">17</subfield>
    <subfield code="d">2021-10-01</subfield>
    <subfield code="h">N&#xB0; 10 - oct. 2021</subfield>
    <subfield code="l">0</subfield>
    <subfield code="o">H349.2 TEM 10.2021</subfield>
    <subfield code="p">R22969</subfield>
    <subfield code="r">2026-04-10 16:08:39</subfield>
    <subfield code="w">2026-04-10</subfield>
    <subfield code="y">RN</subfield>
  </datafield>
  <datafield tag="952" ind1=" " ind2=" ">
    <subfield code="0">0</subfield>
    <subfield code="1">0</subfield>
    <subfield code="4">0</subfield>
    <subfield code="7">0</subfield>
    <subfield code="a">BCEJYS</subfield>
    <subfield code="b">BCEJYS</subfield>
    <subfield code="c">17</subfield>
    <subfield code="d">2021-09-01</subfield>
    <subfield code="h">N&#xBA; 9 - sep. 2021</subfield>
    <subfield code="l">0</subfield>
    <subfield code="o">H349.2 TEM 9.2021</subfield>
    <subfield code="p">R22686</subfield>
    <subfield code="r">2026-04-10 16:08:39</subfield>
    <subfield code="w">2026-04-10</subfield>
    <subfield code="y">RN</subfield>
  </datafield>
  <datafield tag="952" ind1=" " ind2=" ">
    <subfield code="0">0</subfield>
    <subfield code="1">0</subfield>
    <subfield code="4">0</subfield>
    <subfield code="7">0</subfield>
    <subfield code="a">BCEJYS</subfield>
    <subfield code="b">BCEJYS</subfield>
    <subfield code="c">17</subfield>
    <subfield code="d">2021-08-01</subfield>
    <subfield code="h">N&#xBA; 8 - ago. 2021</subfield>
    <subfield code="l">0</subfield>
    <subfield code="o">H349.2 TEM 8.2021</subfield>
    <subfield code="p">R22673</subfield>
    <subfield code="r">2026-04-10 16:08:39</subfield>
    <subfield code="w">2026-04-10</subfield>
    <subfield code="y">RN</subfield>
  </datafield>
  <datafield tag="952" ind1=" " ind2=" ">
    <subfield code="0">0</subfield>
    <subfield code="1">0</subfield>
    <subfield code="4">0</subfield>
    <subfield code="7">0</subfield>
    <subfield code="a">BCEJYS</subfield>
    <subfield code="b">BCEJYS</subfield>
    <subfield code="c">17</subfield>
    <subfield code="d">2021-07-01</subfield>
    <subfield code="h">N&#xB0; 7 - jul. 2021</subfield>
    <subfield code="l">0</subfield>
    <subfield code="o">H349.2 TEM 7.2021</subfield>
    <subfield code="p">R22655</subfield>
    <subfield code="r">2026-04-10 16:08:39</subfield>
    <subfield code="w">2026-04-10</subfield>
    <subfield code="y">RN</subfield>
  </datafield>
  <datafield tag="952" ind1=" " ind2=" ">
    <subfield code="0">0</subfield>
    <subfield code="1">0</subfield>
    <subfield code="4">0</subfield>
    <subfield code="7">0</subfield>
    <subfield code="a">BCEJYS</subfield>
    <subfield code="b">BCEJYS</subfield>
    <subfield code="c">17</subfield>
    <subfield code="d">2021-06-01</subfield>
    <subfield code="h">N&#xB0; 6 - jun. 2021</subfield>
    <subfield code="l">0</subfield>
    <subfield code="o">H349.2 TEM 6.2021</subfield>
    <subfield code="p">R22636</subfield>
    <subfield code="r">2026-04-10 16:08:39</subfield>
    <subfield code="w">2026-04-10</subfield>
    <subfield code="y">RN</subfield>
  </datafield>
  <datafield tag="952" ind1=" " ind2=" ">
    <subfield code="0">0</subfield>
    <subfield code="1">0</subfield>
    <subfield code="4">0</subfield>
    <subfield code="7">0</subfield>
    <subfield code="a">BCEJYS</subfield>
    <subfield code="b">BCEJYS</subfield>
    <subfield code="c">17</subfield>
    <subfield code="d">2021-05-01</subfield>
    <subfield code="h">N&#xB0; 5 - mayo 2021</subfield>
    <subfield code="l">0</subfield>
    <subfield code="o">H349.2 TEM 5.2021</subfield>
    <subfield code="p">R22617</subfield>
    <subfield code="r">2026-04-10 16:08:39</subfield>
    <subfield code="w">2026-04-10</subfield>
    <subfield code="y">RN</subfield>
  </datafield>
  <datafield tag="952" ind1=" " ind2=" ">
    <subfield code="0">0</subfield>
    <subfield code="1">0</subfield>
    <subfield code="4">0</subfield>
    <subfield code="7">0</subfield>
    <subfield code="a">BCEJYS</subfield>
    <subfield code="b">BCEJYS</subfield>
    <subfield code="c">17</subfield>
    <subfield code="d">2021-04-01</subfield>
    <subfield code="h">N&#xB0; 4 - abr. 2021</subfield>
    <subfield code="l">0</subfield>
    <subfield code="o">H349.2 TEM 4.2021</subfield>
    <subfield code="p">R22601</subfield>
    <subfield code="r">2026-04-10 16:08:39</subfield>
    <subfield code="w">2026-04-10</subfield>
    <subfield code="y">RN</subfield>
  </datafield>
  <datafield tag="952" ind1=" " ind2=" ">
    <subfield code="0">0</subfield>
    <subfield code="1">0</subfield>
    <subfield code="4">0</subfield>
    <subfield code="7">0</subfield>
    <subfield code="a">BCEJYS</subfield>
    <subfield code="b">BCEJYS</subfield>
    <subfield code="c">17</subfield>
    <subfield code="d">2021-03-01</subfield>
    <subfield code="h">N&#xB0; 3 - mar. 2021</subfield>
    <subfield code="l">0</subfield>
    <subfield code="o">H349.2 TEM 3.2021</subfield>
    <subfield code="p">R22586</subfield>
    <subfield code="r">2026-04-10 16:08:39</subfield>
    <subfield code="w">2026-04-10</subfield>
    <subfield code="y">RN</subfield>
  </datafield>
  <datafield tag="952" ind1=" " ind2=" ">
    <subfield code="0">0</subfield>
    <subfield code="1">0</subfield>
    <subfield code="4">0</subfield>
    <subfield code="7">0</subfield>
    <subfield code="a">BCEJYS</subfield>
    <subfield code="b">BCEJYS</subfield>
    <subfield code="c">17</subfield>
    <subfield code="d">2021-02-01</subfield>
    <subfield code="h">N&#xB0; 2 - feb. 2021</subfield>
    <subfield code="l">0</subfield>
    <subfield code="o">H349.2 TEM 2.2021</subfield>
    <subfield code="p">R22567</subfield>
    <subfield code="r">2026-04-10 16:08:39</subfield>
    <subfield code="w">2026-04-10</subfield>
    <subfield code="y">RN</subfield>
  </datafield>
  <datafield tag="952" ind1=" " ind2=" ">
    <subfield code="0">0</subfield>
    <subfield code="1">0</subfield>
    <subfield code="4">0</subfield>
    <subfield code="7">0</subfield>
    <subfield code="a">BCEJYS</subfield>
    <subfield code="b">BCEJYS</subfield>
    <subfield code="c">17</subfield>
    <subfield code="d">2020-12-01</subfield>
    <subfield code="h">N&#xB0; 12 - dic. 2020</subfield>
    <subfield code="l">0</subfield>
    <subfield code="o">H349.2 TEM 12.2020</subfield>
    <subfield code="p">R22515</subfield>
    <subfield code="r">2026-04-10 16:08:39</subfield>
    <subfield code="w">2026-04-10</subfield>
    <subfield code="y">RN</subfield>
  </datafield>
  <datafield tag="952" ind1=" " ind2=" ">
    <subfield code="0">0</subfield>
    <subfield code="1">0</subfield>
    <subfield code="4">0</subfield>
    <subfield code="7">0</subfield>
    <subfield code="a">BCEJYS</subfield>
    <subfield code="b">BCEJYS</subfield>
    <subfield code="c">17</subfield>
    <subfield code="d">2020-11-01</subfield>
    <subfield code="h">N&#xB0; 11 - nov. 2020</subfield>
    <subfield code="l">0</subfield>
    <subfield code="o">H349.2 TEM 11.2020</subfield>
    <subfield code="p">R22496</subfield>
    <subfield code="r">2026-04-10 16:08:39</subfield>
    <subfield code="w">2026-04-10</subfield>
    <subfield code="y">RN</subfield>
  </datafield>
  <datafield tag="952" ind1=" " ind2=" ">
    <subfield code="0">0</subfield>
    <subfield code="1">0</subfield>
    <subfield code="4">0</subfield>
    <subfield code="7">0</subfield>
    <subfield code="a">BCEJYS</subfield>
    <subfield code="b">BCEJYS</subfield>
    <subfield code="c">17</subfield>
    <subfield code="d">2020-10-01</subfield>
    <subfield code="h">N&#xB0; 10 - oct. 2020</subfield>
    <subfield code="l">0</subfield>
    <subfield code="o">H349.2 TEM 10.2020</subfield>
    <subfield code="p">R22459</subfield>
    <subfield code="r">2026-04-10 16:08:39</subfield>
    <subfield code="w">2026-04-10</subfield>
    <subfield code="y">RN</subfield>
  </datafield>
  <datafield tag="952" ind1=" " ind2=" ">
    <subfield code="0">0</subfield>
    <subfield code="1">0</subfield>
    <subfield code="4">0</subfield>
    <subfield code="7">0</subfield>
    <subfield code="a">BCEJYS</subfield>
    <subfield code="b">BCEJYS</subfield>
    <subfield code="c">17</subfield>
    <subfield code="d">2020-09-01</subfield>
    <subfield code="h">N&#xB0; 9 - sep. 2020</subfield>
    <subfield code="l">0</subfield>
    <subfield code="o">H349.2 TEM 9.2020</subfield>
    <subfield code="p">R22458</subfield>
    <subfield code="r">2026-04-10 16:08:39</subfield>
    <subfield code="w">2026-04-10</subfield>
    <subfield code="y">RN</subfield>
  </datafield>
  <datafield tag="952" ind1=" " ind2=" ">
    <subfield code="0">0</subfield>
    <subfield code="1">0</subfield>
    <subfield code="4">0</subfield>
    <subfield code="7">0</subfield>
    <subfield code="a">BCEJYS</subfield>
    <subfield code="b">BCEJYS</subfield>
    <subfield code="c">17</subfield>
    <subfield code="d">2020-08-01</subfield>
    <subfield code="h">N&#xB0; 8 - ago. 2020</subfield>
    <subfield code="l">0</subfield>
    <subfield code="o">H349.2 TEM 8.2020</subfield>
    <subfield code="p">R22427</subfield>
    <subfield code="r">2026-04-10 16:08:39</subfield>
    <subfield code="w">2026-04-10</subfield>
    <subfield code="y">RN</subfield>
  </datafield>
  <datafield tag="952" ind1=" " ind2=" ">
    <subfield code="0">0</subfield>
    <subfield code="1">0</subfield>
    <subfield code="4">0</subfield>
    <subfield code="7">0</subfield>
    <subfield code="a">BCEJYS</subfield>
    <subfield code="b">BCEJYS</subfield>
    <subfield code="c">17</subfield>
    <subfield code="d">2020-07-01</subfield>
    <subfield code="h">N&#xB0; 7 - jul. 2020</subfield>
    <subfield code="l">0</subfield>
    <subfield code="o">H349.2 TEM 7.2020</subfield>
    <subfield code="p">R22426</subfield>
    <subfield code="r">2026-04-10 16:08:39</subfield>
    <subfield code="w">2026-04-10</subfield>
    <subfield code="y">RN</subfield>
  </datafield>
  <datafield tag="952" ind1=" " ind2=" ">
    <subfield code="0">0</subfield>
    <subfield code="1">0</subfield>
    <subfield code="4">0</subfield>
    <subfield code="7">0</subfield>
    <subfield code="a">BCEJYS</subfield>
    <subfield code="b">BCEJYS</subfield>
    <subfield code="c">17</subfield>
    <subfield code="d">2020-06-01</subfield>
    <subfield code="h">N&#xB0; 6 - jun. 2020</subfield>
    <subfield code="l">0</subfield>
    <subfield code="o">H349.2 TEM 6.2020</subfield>
    <subfield code="p">R22410</subfield>
    <subfield code="r">2026-04-10 16:08:39</subfield>
    <subfield code="w">2026-04-10</subfield>
    <subfield code="y">RN</subfield>
  </datafield>
  <datafield tag="952" ind1=" " ind2=" ">
    <subfield code="0">0</subfield>
    <subfield code="1">0</subfield>
    <subfield code="4">0</subfield>
    <subfield code="7">0</subfield>
    <subfield code="a">BCEJYS</subfield>
    <subfield code="b">BCEJYS</subfield>
    <subfield code="c">17</subfield>
    <subfield code="d">2020-05-01</subfield>
    <subfield code="h">N&#xB0; 5 - mayo 2020</subfield>
    <subfield code="l">0</subfield>
    <subfield code="o">H349.2 TEM 5.2020</subfield>
    <subfield code="p">R22409</subfield>
    <subfield code="r">2026-04-10 16:08:39</subfield>
    <subfield code="w">2026-04-10</subfield>
    <subfield code="y">RN</subfield>
  </datafield>
  <datafield tag="952" ind1=" " ind2=" ">
    <subfield code="0">0</subfield>
    <subfield code="1">0</subfield>
    <subfield code="4">0</subfield>
    <subfield code="7">0</subfield>
    <subfield code="a">BCEJYS</subfield>
    <subfield code="b">BCEJYS</subfield>
    <subfield code="c">17</subfield>
    <subfield code="d">2020-04-01</subfield>
    <subfield code="h">N&#xB0; 4 - abr. 2020</subfield>
    <subfield code="l">0</subfield>
    <subfield code="o">H349.2 TEM 4.2020</subfield>
    <subfield code="p">R22408</subfield>
    <subfield code="r">2026-04-10 16:08:39</subfield>
    <subfield code="w">2026-04-10</subfield>
    <subfield code="y">RN</subfield>
  </datafield>
  <datafield tag="952" ind1=" " ind2=" ">
    <subfield code="0">0</subfield>
    <subfield code="1">0</subfield>
    <subfield code="4">0</subfield>
    <subfield code="7">0</subfield>
    <subfield code="a">BCEJYS</subfield>
    <subfield code="b">BCEJYS</subfield>
    <subfield code="c">17</subfield>
    <subfield code="d">2020-03-01</subfield>
    <subfield code="h">N&#xB0; 3 - mar. 2020</subfield>
    <subfield code="l">0</subfield>
    <subfield code="o">H349.2 TEM 3.2020</subfield>
    <subfield code="p">R22390</subfield>
    <subfield code="r">2026-04-10 16:08:39</subfield>
    <subfield code="w">2026-04-10</subfield>
    <subfield code="y">RN</subfield>
  </datafield>
  <datafield tag="952" ind1=" " ind2=" ">
    <subfield code="0">0</subfield>
    <subfield code="1">0</subfield>
    <subfield code="4">0</subfield>
    <subfield code="7">0</subfield>
    <subfield code="a">BCEJYS</subfield>
    <subfield code="b">BCEJYS</subfield>
    <subfield code="c">17</subfield>
    <subfield code="d">2020-02-01</subfield>
    <subfield code="h">N&#xB0; 2 - feb. 2020</subfield>
    <subfield code="l">0</subfield>
    <subfield code="o">H349.2 TEM 2.2020</subfield>
    <subfield code="p">R22366</subfield>
    <subfield code="r">2026-04-10 16:08:39</subfield>
    <subfield code="w">2026-04-10</subfield>
    <subfield code="y">RN</subfield>
  </datafield>
  <datafield tag="952" ind1=" " ind2=" ">
    <subfield code="0">0</subfield>
    <subfield code="1">0</subfield>
    <subfield code="4">0</subfield>
    <subfield code="7">0</subfield>
    <subfield code="a">BCEJYS</subfield>
    <subfield code="b">BCEJYS</subfield>
    <subfield code="c">17</subfield>
    <subfield code="d">2019-12-01</subfield>
    <subfield code="h">N&#xB0; 12 - dic. 2019</subfield>
    <subfield code="l">0</subfield>
    <subfield code="o">H349.2 TEM 12.2019</subfield>
    <subfield code="p">R22335</subfield>
    <subfield code="r">2026-04-10 16:08:39</subfield>
    <subfield code="w">2026-04-10</subfield>
    <subfield code="y">RN</subfield>
  </datafield>
  <datafield tag="952" ind1=" " ind2=" ">
    <subfield code="0">0</subfield>
    <subfield code="1">0</subfield>
    <subfield code="4">0</subfield>
    <subfield code="7">0</subfield>
    <subfield code="a">BCEJYS</subfield>
    <subfield code="b">BCEJYS</subfield>
    <subfield code="c">17</subfield>
    <subfield code="d">2019-11-01</subfield>
    <subfield code="h">N&#xB0; 11 - nov. 2019</subfield>
    <subfield code="l">0</subfield>
    <subfield code="o">H349.2 TEM 11.2019</subfield>
    <subfield code="p">R22323</subfield>
    <subfield code="r">2026-04-10 16:08:39</subfield>
    <subfield code="w">2026-04-10</subfield>
    <subfield code="y">RN</subfield>
  </datafield>
  <datafield tag="952" ind1=" " ind2=" ">
    <subfield code="0">0</subfield>
    <subfield code="1">0</subfield>
    <subfield code="4">0</subfield>
    <subfield code="7">0</subfield>
    <subfield code="a">BCEJYS</subfield>
    <subfield code="b">BCEJYS</subfield>
    <subfield code="c">17</subfield>
    <subfield code="d">2019-10-01</subfield>
    <subfield code="h">N&#xB0; 10 - oct. 2019</subfield>
    <subfield code="l">0</subfield>
    <subfield code="o">H349.2 TEM 10.2019</subfield>
    <subfield code="p">R22284</subfield>
    <subfield code="r">2026-04-10 16:08:39</subfield>
    <subfield code="w">2026-04-10</subfield>
    <subfield code="y">RN</subfield>
  </datafield>
  <datafield tag="952" ind1=" " ind2=" ">
    <subfield code="0">0</subfield>
    <subfield code="1">0</subfield>
    <subfield code="4">0</subfield>
    <subfield code="7">0</subfield>
    <subfield code="a">BCEJYS</subfield>
    <subfield code="b">BCEJYS</subfield>
    <subfield code="c">17</subfield>
    <subfield code="d">2019-09-01</subfield>
    <subfield code="h">N&#xB0; 9 - ago. 2019</subfield>
    <subfield code="l">0</subfield>
    <subfield code="o">H349.2 TEM 9.2019</subfield>
    <subfield code="p">R22265</subfield>
    <subfield code="r">2026-04-10 16:08:39</subfield>
    <subfield code="w">2026-04-10</subfield>
    <subfield code="y">RN</subfield>
  </datafield>
  <datafield tag="952" ind1=" " ind2=" ">
    <subfield code="0">0</subfield>
    <subfield code="1">0</subfield>
    <subfield code="4">0</subfield>
    <subfield code="7">0</subfield>
    <subfield code="a">BCEJYS</subfield>
    <subfield code="b">BCEJYS</subfield>
    <subfield code="c">17</subfield>
    <subfield code="d">2019-08-01</subfield>
    <subfield code="h">N&#xB0; 8 - ago. 2019</subfield>
    <subfield code="l">0</subfield>
    <subfield code="o">H349.2 TEM 8.2019</subfield>
    <subfield code="p">R22247</subfield>
    <subfield code="r">2026-04-10 16:08:39</subfield>
    <subfield code="w">2026-04-10</subfield>
    <subfield code="y">RN</subfield>
  </datafield>
  <datafield tag="952" ind1=" " ind2=" ">
    <subfield code="0">0</subfield>
    <subfield code="1">0</subfield>
    <subfield code="4">0</subfield>
    <subfield code="7">0</subfield>
    <subfield code="a">BCEJYS</subfield>
    <subfield code="b">BCEJYS</subfield>
    <subfield code="c">17</subfield>
    <subfield code="d">2019-07-01</subfield>
    <subfield code="h">N&#xBA; 7 - jul. 2019</subfield>
    <subfield code="l">0</subfield>
    <subfield code="o">H349.2 TEM 7.2019</subfield>
    <subfield code="p">R22223</subfield>
    <subfield code="r">2026-04-10 16:08:39</subfield>
    <subfield code="w">2026-04-10</subfield>
    <subfield code="y">RN</subfield>
  </datafield>
  <datafield tag="952" ind1=" " ind2=" ">
    <subfield code="0">0</subfield>
    <subfield code="1">0</subfield>
    <subfield code="4">0</subfield>
    <subfield code="7">0</subfield>
    <subfield code="a">BCEJYS</subfield>
    <subfield code="b">BCEJYS</subfield>
    <subfield code="c">17</subfield>
    <subfield code="d">2019-06-01</subfield>
    <subfield code="h">N&#xB0; 6 - jun. 2019</subfield>
    <subfield code="l">0</subfield>
    <subfield code="o">H349.2 TEM 6.2019</subfield>
    <subfield code="p">R22199</subfield>
    <subfield code="r">2026-04-10 16:08:39</subfield>
    <subfield code="w">2026-04-10</subfield>
    <subfield code="y">RN</subfield>
  </datafield>
  <datafield tag="952" ind1=" " ind2=" ">
    <subfield code="0">0</subfield>
    <subfield code="1">0</subfield>
    <subfield code="4">0</subfield>
    <subfield code="7">0</subfield>
    <subfield code="a">BCEJYS</subfield>
    <subfield code="b">BCEJYS</subfield>
    <subfield code="c">17</subfield>
    <subfield code="d">2019-05-01</subfield>
    <subfield code="h">N&#xB0; 5 - mayo 2019</subfield>
    <subfield code="l">0</subfield>
    <subfield code="o">H349.2 TEM 5.2019</subfield>
    <subfield code="p">R22181</subfield>
    <subfield code="r">2026-04-10 16:08:39</subfield>
    <subfield code="w">2026-04-10</subfield>
    <subfield code="y">RN</subfield>
  </datafield>
  <datafield tag="952" ind1=" " ind2=" ">
    <subfield code="0">0</subfield>
    <subfield code="1">0</subfield>
    <subfield code="4">0</subfield>
    <subfield code="7">0</subfield>
    <subfield code="a">BCEJYS</subfield>
    <subfield code="b">BCEJYS</subfield>
    <subfield code="c">17</subfield>
    <subfield code="d">2019-04-01</subfield>
    <subfield code="h">N&#xB0; 4 - abr. 2019</subfield>
    <subfield code="l">0</subfield>
    <subfield code="o">H349.2 TEM 4.2019</subfield>
    <subfield code="p">R22172</subfield>
    <subfield code="r">2026-04-10 16:08:39</subfield>
    <subfield code="w">2026-04-10</subfield>
    <subfield code="y">RN</subfield>
  </datafield>
  <datafield tag="952" ind1=" " ind2=" ">
    <subfield code="0">0</subfield>
    <subfield code="1">0</subfield>
    <subfield code="4">0</subfield>
    <subfield code="7">0</subfield>
    <subfield code="a">BCEJYS</subfield>
    <subfield code="b">BCEJYS</subfield>
    <subfield code="c">17</subfield>
    <subfield code="d">2019-03-01</subfield>
    <subfield code="h">N&#xB0; 3 - mar. 2019</subfield>
    <subfield code="l">0</subfield>
    <subfield code="o">H349.2 TEM 3.2019</subfield>
    <subfield code="p">R22151</subfield>
    <subfield code="r">2026-04-10 16:08:39</subfield>
    <subfield code="w">2026-04-10</subfield>
    <subfield code="y">RN</subfield>
  </datafield>
  <datafield tag="952" ind1=" " ind2=" ">
    <subfield code="0">0</subfield>
    <subfield code="1">0</subfield>
    <subfield code="4">0</subfield>
    <subfield code="7">0</subfield>
    <subfield code="a">BCEJYS</subfield>
    <subfield code="b">BCEJYS</subfield>
    <subfield code="c">17</subfield>
    <subfield code="d">2019-02-01</subfield>
    <subfield code="h">N&#xB0; 2 - feb. 2019</subfield>
    <subfield code="l">0</subfield>
    <subfield code="o">H349.2 TEM 2.2019</subfield>
    <subfield code="p">R22118</subfield>
    <subfield code="r">2026-04-10 16:08:39</subfield>
    <subfield code="w">2026-04-10</subfield>
    <subfield code="y">RN</subfield>
  </datafield>
  <datafield tag="952" ind1=" " ind2=" ">
    <subfield code="0">0</subfield>
    <subfield code="1">0</subfield>
    <subfield code="4">0</subfield>
    <subfield code="7">0</subfield>
    <subfield code="a">BCEJYS</subfield>
    <subfield code="b">BCEJYS</subfield>
    <subfield code="c">17</subfield>
    <subfield code="d">2018-12-01</subfield>
    <subfield code="h">N&#xB0; 12 - dic. 2018</subfield>
    <subfield code="l">0</subfield>
    <subfield code="o">H349.2 TEM 12.2018</subfield>
    <subfield code="p">R22062</subfield>
    <subfield code="r">2026-04-10 16:08:39</subfield>
    <subfield code="w">2026-04-10</subfield>
    <subfield code="y">RN</subfield>
  </datafield>
  <datafield tag="952" ind1=" " ind2=" ">
    <subfield code="0">0</subfield>
    <subfield code="1">0</subfield>
    <subfield code="4">0</subfield>
    <subfield code="7">0</subfield>
    <subfield code="a">BCEJYS</subfield>
    <subfield code="b">BCEJYS</subfield>
    <subfield code="c">17</subfield>
    <subfield code="d">2018-11-01</subfield>
    <subfield code="h">N&#xB0; 11 - nov. 2018</subfield>
    <subfield code="l">0</subfield>
    <subfield code="o">H349.2 TEM 11.2018</subfield>
    <subfield code="p">R22043</subfield>
    <subfield code="r">2026-04-10 16:08:39</subfield>
    <subfield code="w">2026-04-10</subfield>
    <subfield code="y">RN</subfield>
  </datafield>
  <datafield tag="952" ind1=" " ind2=" ">
    <subfield code="0">0</subfield>
    <subfield code="1">0</subfield>
    <subfield code="4">0</subfield>
    <subfield code="7">0</subfield>
    <subfield code="a">BCEJYS</subfield>
    <subfield code="b">BCEJYS</subfield>
    <subfield code="c">17</subfield>
    <subfield code="d">2018-10-01</subfield>
    <subfield code="h">N&#xB0; 10 - oct. 2018</subfield>
    <subfield code="l">0</subfield>
    <subfield code="o">H349.2 TEM 10.2018</subfield>
    <subfield code="p">R22022</subfield>
    <subfield code="r">2026-04-10 16:08:39</subfield>
    <subfield code="w">2026-04-10</subfield>
    <subfield code="y">RN</subfield>
  </datafield>
  <datafield tag="952" ind1=" " ind2=" ">
    <subfield code="0">0</subfield>
    <subfield code="1">0</subfield>
    <subfield code="4">0</subfield>
    <subfield code="7">0</subfield>
    <subfield code="a">BCEJYS</subfield>
    <subfield code="b">BCEJYS</subfield>
    <subfield code="c">17</subfield>
    <subfield code="d">2018-09-01</subfield>
    <subfield code="h">N&#xB0; 9 - sep. 2018</subfield>
    <subfield code="l">0</subfield>
    <subfield code="o">H349.2 TEM 9.2018</subfield>
    <subfield code="p">R21985</subfield>
    <subfield code="r">2026-04-10 16:08:39</subfield>
    <subfield code="w">2026-04-10</subfield>
    <subfield code="y">RN</subfield>
  </datafield>
  <datafield tag="952" ind1=" " ind2=" ">
    <subfield code="0">0</subfield>
    <subfield code="1">0</subfield>
    <subfield code="4">0</subfield>
    <subfield code="7">0</subfield>
    <subfield code="a">BCEJYS</subfield>
    <subfield code="b">BCEJYS</subfield>
    <subfield code="c">17</subfield>
    <subfield code="d">2018-08-01</subfield>
    <subfield code="h">N&#xB0; 8 - ago. 2018</subfield>
    <subfield code="l">0</subfield>
    <subfield code="o">H349.2 TEM 8.2018</subfield>
    <subfield code="p">R21947</subfield>
    <subfield code="r">2026-04-10 16:08:39</subfield>
    <subfield code="w">2026-04-10</subfield>
    <subfield code="y">RN</subfield>
  </datafield>
  <datafield tag="952" ind1=" " ind2=" ">
    <subfield code="0">0</subfield>
    <subfield code="1">0</subfield>
    <subfield code="4">0</subfield>
    <subfield code="7">0</subfield>
    <subfield code="a">BCEJYS</subfield>
    <subfield code="b">BCEJYS</subfield>
    <subfield code="c">17</subfield>
    <subfield code="d">2018-07-01</subfield>
    <subfield code="h">N&#xBA; 7 - jul. 2018</subfield>
    <subfield code="l">0</subfield>
    <subfield code="o">H349.2 TEM 7.2018</subfield>
    <subfield code="p">R21899</subfield>
    <subfield code="r">2026-04-10 16:08:39</subfield>
    <subfield code="w">2026-04-10</subfield>
    <subfield code="y">RN</subfield>
  </datafield>
  <datafield tag="952" ind1=" " ind2=" ">
    <subfield code="0">0</subfield>
    <subfield code="1">0</subfield>
    <subfield code="4">0</subfield>
    <subfield code="7">0</subfield>
    <subfield code="a">BCEJYS</subfield>
    <subfield code="b">BCEJYS</subfield>
    <subfield code="c">17</subfield>
    <subfield code="d">2018-06-01</subfield>
    <subfield code="h">N&#xB0; 6 - jun. 2018</subfield>
    <subfield code="l">0</subfield>
    <subfield code="o">H349.2 TEM 6.2018</subfield>
    <subfield code="p">R21882</subfield>
    <subfield code="r">2026-04-10 16:08:39</subfield>
    <subfield code="w">2026-04-10</subfield>
    <subfield code="y">RN</subfield>
  </datafield>
  <datafield tag="952" ind1=" " ind2=" ">
    <subfield code="0">0</subfield>
    <subfield code="1">0</subfield>
    <subfield code="4">0</subfield>
    <subfield code="7">0</subfield>
    <subfield code="a">BCEJYS</subfield>
    <subfield code="b">BCEJYS</subfield>
    <subfield code="c">17</subfield>
    <subfield code="d">2018-05-01</subfield>
    <subfield code="h">N&#xB0; 5 - mayo 2018</subfield>
    <subfield code="l">0</subfield>
    <subfield code="o">H349.2 TEM 5.2018</subfield>
    <subfield code="p">R21819</subfield>
    <subfield code="r">2026-04-10 16:08:39</subfield>
    <subfield code="w">2026-04-10</subfield>
    <subfield code="y">RN</subfield>
  </datafield>
  <datafield tag="952" ind1=" " ind2=" ">
    <subfield code="0">0</subfield>
    <subfield code="1">0</subfield>
    <subfield code="4">0</subfield>
    <subfield code="7">0</subfield>
    <subfield code="a">BCEJYS</subfield>
    <subfield code="b">BCEJYS</subfield>
    <subfield code="c">17</subfield>
    <subfield code="d">2018-04-01</subfield>
    <subfield code="h">N&#xB0; 4 - abr. 2018</subfield>
    <subfield code="l">0</subfield>
    <subfield code="o">H349.2 TEM 4.2018</subfield>
    <subfield code="p">R21867</subfield>
    <subfield code="r">2026-04-10 16:08:39</subfield>
    <subfield code="w">2026-04-10</subfield>
    <subfield code="y">RN</subfield>
  </datafield>
  <datafield tag="952" ind1=" " ind2=" ">
    <subfield code="0">0</subfield>
    <subfield code="1">0</subfield>
    <subfield code="4">0</subfield>
    <subfield code="7">0</subfield>
    <subfield code="a">BCEJYS</subfield>
    <subfield code="b">BCEJYS</subfield>
    <subfield code="c">17</subfield>
    <subfield code="d">2018-03-01</subfield>
    <subfield code="h">N&#xBA; 3 - mar. 2018</subfield>
    <subfield code="l">0</subfield>
    <subfield code="o">H349.2 TEM 3.2018</subfield>
    <subfield code="p">R21808</subfield>
    <subfield code="r">2026-04-10 16:08:39</subfield>
    <subfield code="w">2026-04-10</subfield>
    <subfield code="y">RN</subfield>
  </datafield>
  <datafield tag="952" ind1=" " ind2=" ">
    <subfield code="0">0</subfield>
    <subfield code="1">0</subfield>
    <subfield code="4">0</subfield>
    <subfield code="7">0</subfield>
    <subfield code="a">BCEJYS</subfield>
    <subfield code="b">BCEJYS</subfield>
    <subfield code="c">17</subfield>
    <subfield code="d">2018-02-01</subfield>
    <subfield code="h">N&#xBA; 2 - feb. 2018</subfield>
    <subfield code="l">0</subfield>
    <subfield code="o">H349.2 TEM 2.2018</subfield>
    <subfield code="p">R21732</subfield>
    <subfield code="r">2026-04-10 16:08:39</subfield>
    <subfield code="w">2026-04-10</subfield>
    <subfield code="y">RN</subfield>
  </datafield>
  <datafield tag="952" ind1=" " ind2=" ">
    <subfield code="0">0</subfield>
    <subfield code="1">0</subfield>
    <subfield code="4">0</subfield>
    <subfield code="7">0</subfield>
    <subfield code="a">BCEJYS</subfield>
    <subfield code="b">BCEJYS</subfield>
    <subfield code="c">17</subfield>
    <subfield code="d">2017-12-01</subfield>
    <subfield code="h">N&#xBA; 12 - dic. 2017</subfield>
    <subfield code="l">0</subfield>
    <subfield code="o">H349.2 TEM 12.2017</subfield>
    <subfield code="p">R21731</subfield>
    <subfield code="r">2026-04-10 16:08:39</subfield>
    <subfield code="w">2026-04-10</subfield>
    <subfield code="y">RN</subfield>
  </datafield>
  <datafield tag="952" ind1=" " ind2=" ">
    <subfield code="0">0</subfield>
    <subfield code="1">0</subfield>
    <subfield code="4">0</subfield>
    <subfield code="7">0</subfield>
    <subfield code="a">BCEJYS</subfield>
    <subfield code="b">BCEJYS</subfield>
    <subfield code="c">17</subfield>
    <subfield code="d">2017-11-01</subfield>
    <subfield code="h">N&#xBA; 11 - nov. 2017</subfield>
    <subfield code="l">0</subfield>
    <subfield code="o">H349.2 TEM 11.2017</subfield>
    <subfield code="p">R21472</subfield>
    <subfield code="r">2026-04-10 16:08:39</subfield>
    <subfield code="w">2026-04-10</subfield>
    <subfield code="y">RN</subfield>
  </datafield>
  <datafield tag="952" ind1=" " ind2=" ">
    <subfield code="0">0</subfield>
    <subfield code="1">0</subfield>
    <subfield code="4">0</subfield>
    <subfield code="7">0</subfield>
    <subfield code="a">BCEJYS</subfield>
    <subfield code="b">BCEJYS</subfield>
    <subfield code="c">17</subfield>
    <subfield code="d">2017-10-01</subfield>
    <subfield code="h">N&#xBA; 10 - oct. 2017</subfield>
    <subfield code="l">0</subfield>
    <subfield code="o">H349.2 TEM 10.2017</subfield>
    <subfield code="p">R21424</subfield>
    <subfield code="r">2026-04-10 16:08:39</subfield>
    <subfield code="w">2026-04-10</subfield>
    <subfield code="y">RN</subfield>
  </datafield>
  <datafield tag="952" ind1=" " ind2=" ">
    <subfield code="0">0</subfield>
    <subfield code="1">0</subfield>
    <subfield code="4">0</subfield>
    <subfield code="7">0</subfield>
    <subfield code="a">BCEJYS</subfield>
    <subfield code="b">BCEJYS</subfield>
    <subfield code="c">17</subfield>
    <subfield code="d">2017-09-01</subfield>
    <subfield code="h">N&#xBA; 9 - sep. 2017</subfield>
    <subfield code="l">0</subfield>
    <subfield code="o">H349.2 TEM 9.2017</subfield>
    <subfield code="p">R21345</subfield>
    <subfield code="r">2026-04-10 16:08:39</subfield>
    <subfield code="w">2026-04-10</subfield>
    <subfield code="y">RN</subfield>
  </datafield>
  <datafield tag="952" ind1=" " ind2=" ">
    <subfield code="0">0</subfield>
    <subfield code="1">0</subfield>
    <subfield code="4">0</subfield>
    <subfield code="7">0</subfield>
    <subfield code="a">BCEJYS</subfield>
    <subfield code="b">BCEJYS</subfield>
    <subfield code="c">17</subfield>
    <subfield code="d">2017-08-01</subfield>
    <subfield code="h">N&#xBA; 8 - ago. 2017</subfield>
    <subfield code="l">0</subfield>
    <subfield code="o">H349.2 TEM 8.2017</subfield>
    <subfield code="p">R21133</subfield>
    <subfield code="r">2026-04-10 16:08:39</subfield>
    <subfield code="w">2026-04-10</subfield>
    <subfield code="y">RN</subfield>
  </datafield>
  <datafield tag="952" ind1=" " ind2=" ">
    <subfield code="0">0</subfield>
    <subfield code="1">0</subfield>
    <subfield code="4">0</subfield>
    <subfield code="7">0</subfield>
    <subfield code="a">BCEJYS</subfield>
    <subfield code="b">BCEJYS</subfield>
    <subfield code="c">17</subfield>
    <subfield code="d">2017-07-01</subfield>
    <subfield code="h">N&#xBA; 7 - jul. 2017</subfield>
    <subfield code="l">0</subfield>
    <subfield code="o">H349.2 TEM 7.2017</subfield>
    <subfield code="p">R20776</subfield>
    <subfield code="r">2026-04-10 16:08:39</subfield>
    <subfield code="w">2026-04-10</subfield>
    <subfield code="y">RN</subfield>
  </datafield>
  <datafield tag="952" ind1=" " ind2=" ">
    <subfield code="0">0</subfield>
    <subfield code="1">0</subfield>
    <subfield code="4">0</subfield>
    <subfield code="7">0</subfield>
    <subfield code="a">BCEJYS</subfield>
    <subfield code="b">BCEJYS</subfield>
    <subfield code="c">17</subfield>
    <subfield code="d">2017-06-01</subfield>
    <subfield code="h">N&#xBA; 6 - jun. 2017</subfield>
    <subfield code="l">0</subfield>
    <subfield code="o">H349.2 TEM 6.2017</subfield>
    <subfield code="p">R20760</subfield>
    <subfield code="r">2026-04-10 16:08:39</subfield>
    <subfield code="w">2026-04-10</subfield>
    <subfield code="y">RN</subfield>
  </datafield>
  <datafield tag="952" ind1=" " ind2=" ">
    <subfield code="0">0</subfield>
    <subfield code="1">0</subfield>
    <subfield code="4">0</subfield>
    <subfield code="7">0</subfield>
    <subfield code="a">BCEJYS</subfield>
    <subfield code="b">BCEJYS</subfield>
    <subfield code="c">17</subfield>
    <subfield code="d">2017-05-01</subfield>
    <subfield code="h">N&#xBA; 5 - mayo 2017</subfield>
    <subfield code="l">0</subfield>
    <subfield code="o">H349.2 TEM 5.2017</subfield>
    <subfield code="p">R20742</subfield>
    <subfield code="r">2026-04-10 16:08:39</subfield>
    <subfield code="w">2026-04-10</subfield>
    <subfield code="y">RN</subfield>
  </datafield>
  <datafield tag="952" ind1=" " ind2=" ">
    <subfield code="0">0</subfield>
    <subfield code="1">0</subfield>
    <subfield code="4">0</subfield>
    <subfield code="7">0</subfield>
    <subfield code="a">BCEJYS</subfield>
    <subfield code="b">BCEJYS</subfield>
    <subfield code="c">17</subfield>
    <subfield code="d">2017-04-01</subfield>
    <subfield code="h">N&#xBA; 4 - abr. 2017</subfield>
    <subfield code="l">0</subfield>
    <subfield code="o">H349.2 TEM 4.2017</subfield>
    <subfield code="p">R20704</subfield>
    <subfield code="r">2026-04-10 16:08:39</subfield>
    <subfield code="w">2026-04-10</subfield>
    <subfield code="y">RN</subfield>
  </datafield>
  <datafield tag="952" ind1=" " ind2=" ">
    <subfield code="0">0</subfield>
    <subfield code="1">0</subfield>
    <subfield code="4">0</subfield>
    <subfield code="7">0</subfield>
    <subfield code="a">BCEJYS</subfield>
    <subfield code="b">BCEJYS</subfield>
    <subfield code="c">17</subfield>
    <subfield code="d">2017-03-01</subfield>
    <subfield code="h">N&#xBA; 3 - mar. 2017</subfield>
    <subfield code="l">0</subfield>
    <subfield code="o">H349.2 TEM 3.2017</subfield>
    <subfield code="p">R20690</subfield>
    <subfield code="r">2026-04-10 16:08:39</subfield>
    <subfield code="w">2026-04-10</subfield>
    <subfield code="y">RN</subfield>
  </datafield>
  <datafield tag="952" ind1=" " ind2=" ">
    <subfield code="0">0</subfield>
    <subfield code="1">0</subfield>
    <subfield code="4">0</subfield>
    <subfield code="7">0</subfield>
    <subfield code="a">BCEJYS</subfield>
    <subfield code="b">BCEJYS</subfield>
    <subfield code="c">17</subfield>
    <subfield code="d">2017-02-01</subfield>
    <subfield code="h">N&#xBA; 2 - feb. 2017</subfield>
    <subfield code="l">0</subfield>
    <subfield code="o">H349.2 TEM 2.2017</subfield>
    <subfield code="p">R20669</subfield>
    <subfield code="r">2026-04-10 16:08:39</subfield>
    <subfield code="w">2026-04-10</subfield>
    <subfield code="y">RN</subfield>
  </datafield>
  <datafield tag="952" ind1=" " ind2=" ">
    <subfield code="0">0</subfield>
    <subfield code="1">0</subfield>
    <subfield code="4">0</subfield>
    <subfield code="7">0</subfield>
    <subfield code="a">BCEJYS</subfield>
    <subfield code="b">BCEJYS</subfield>
    <subfield code="c">17</subfield>
    <subfield code="d">2016-12-01</subfield>
    <subfield code="h">N&#xBA; 12 - dic. 2016</subfield>
    <subfield code="l">0</subfield>
    <subfield code="o">H349.2 TEM 12.2016</subfield>
    <subfield code="p">R20600</subfield>
    <subfield code="r">2026-04-10 16:08:39</subfield>
    <subfield code="w">2026-04-10</subfield>
    <subfield code="y">RN</subfield>
  </datafield>
  <datafield tag="952" ind1=" " ind2=" ">
    <subfield code="0">0</subfield>
    <subfield code="1">0</subfield>
    <subfield code="4">0</subfield>
    <subfield code="7">0</subfield>
    <subfield code="a">BCEJYS</subfield>
    <subfield code="b">BCEJYS</subfield>
    <subfield code="c">17</subfield>
    <subfield code="d">2016-11-01</subfield>
    <subfield code="h">N&#xBA; 11 - nov. 2016</subfield>
    <subfield code="l">0</subfield>
    <subfield code="o">H349.2 TEM 11.2016</subfield>
    <subfield code="p">R20587</subfield>
    <subfield code="r">2026-04-10 16:08:39</subfield>
    <subfield code="w">2026-04-10</subfield>
    <subfield code="y">RN</subfield>
  </datafield>
  <datafield tag="952" ind1=" " ind2=" ">
    <subfield code="0">0</subfield>
    <subfield code="1">0</subfield>
    <subfield code="4">0</subfield>
    <subfield code="7">0</subfield>
    <subfield code="a">BCEJYS</subfield>
    <subfield code="b">BCEJYS</subfield>
    <subfield code="c">17</subfield>
    <subfield code="d">2016-11-01</subfield>
    <subfield code="h">N&#xBA; 11 - nov. 2016</subfield>
    <subfield code="l">0</subfield>
    <subfield code="o">H349.2 TEM 11.2016 Ej.2</subfield>
    <subfield code="p">R20597</subfield>
    <subfield code="r">2026-04-10 16:08:39</subfield>
    <subfield code="w">2026-04-10</subfield>
    <subfield code="y">RN</subfield>
  </datafield>
  <datafield tag="952" ind1=" " ind2=" ">
    <subfield code="0">0</subfield>
    <subfield code="1">0</subfield>
    <subfield code="4">0</subfield>
    <subfield code="7">0</subfield>
    <subfield code="a">BCEJYS</subfield>
    <subfield code="b">BCEJYS</subfield>
    <subfield code="c">17</subfield>
    <subfield code="d">2016-10-01</subfield>
    <subfield code="h">N&#xBA; 10 - oct. 2016</subfield>
    <subfield code="l">0</subfield>
    <subfield code="o">H349.2 TEM 10.2016</subfield>
    <subfield code="p">R20544</subfield>
    <subfield code="r">2026-04-10 16:08:39</subfield>
    <subfield code="w">2026-04-10</subfield>
    <subfield code="y">RN</subfield>
  </datafield>
  <datafield tag="952" ind1=" " ind2=" ">
    <subfield code="0">0</subfield>
    <subfield code="1">0</subfield>
    <subfield code="4">0</subfield>
    <subfield code="7">0</subfield>
    <subfield code="a">BCEJYS</subfield>
    <subfield code="b">BCEJYS</subfield>
    <subfield code="c">17</subfield>
    <subfield code="d">2016-09-01</subfield>
    <subfield code="h">N&#xBA; 9 - sep. 2016</subfield>
    <subfield code="l">0</subfield>
    <subfield code="o">H349.2 TEM 9.2016</subfield>
    <subfield code="p">R20500</subfield>
    <subfield code="r">2026-04-10 16:08:39</subfield>
    <subfield code="w">2026-04-10</subfield>
    <subfield code="y">RN</subfield>
  </datafield>
  <datafield tag="952" ind1=" " ind2=" ">
    <subfield code="0">0</subfield>
    <subfield code="1">0</subfield>
    <subfield code="4">0</subfield>
    <subfield code="7">0</subfield>
    <subfield code="a">BCEJYS</subfield>
    <subfield code="b">BCEJYS</subfield>
    <subfield code="c">17</subfield>
    <subfield code="d">2016-08-01</subfield>
    <subfield code="h">N&#xBA; 8 - ago. 2016</subfield>
    <subfield code="l">0</subfield>
    <subfield code="o">H349.2 TEM 8.2016</subfield>
    <subfield code="p">R20476</subfield>
    <subfield code="r">2026-04-10 16:08:39</subfield>
    <subfield code="w">2026-04-10</subfield>
    <subfield code="y">RN</subfield>
  </datafield>
  <datafield tag="952" ind1=" " ind2=" ">
    <subfield code="0">0</subfield>
    <subfield code="1">0</subfield>
    <subfield code="4">0</subfield>
    <subfield code="7">0</subfield>
    <subfield code="a">BCEJYS</subfield>
    <subfield code="b">BCEJYS</subfield>
    <subfield code="c">17</subfield>
    <subfield code="d">2016-07-01</subfield>
    <subfield code="h">N&#xBA; 7 - jul. 2016</subfield>
    <subfield code="l">0</subfield>
    <subfield code="o">H349.2 TEM 7.2016</subfield>
    <subfield code="p">R20380</subfield>
    <subfield code="r">2026-04-10 16:08:39</subfield>
    <subfield code="w">2026-04-10</subfield>
    <subfield code="y">RN</subfield>
  </datafield>
  <datafield tag="952" ind1=" " ind2=" ">
    <subfield code="0">0</subfield>
    <subfield code="1">0</subfield>
    <subfield code="4">0</subfield>
    <subfield code="7">0</subfield>
    <subfield code="a">BCEJYS</subfield>
    <subfield code="b">BCEJYS</subfield>
    <subfield code="c">17</subfield>
    <subfield code="d">2016-06-01</subfield>
    <subfield code="h">N&#xBA; 6 - jun. 2016</subfield>
    <subfield code="l">0</subfield>
    <subfield code="o">H349.2 TEM 6.2016</subfield>
    <subfield code="p">R20324</subfield>
    <subfield code="r">2026-04-10 16:08:39</subfield>
    <subfield code="w">2026-04-10</subfield>
    <subfield code="y">RN</subfield>
  </datafield>
  <datafield tag="952" ind1=" " ind2=" ">
    <subfield code="0">0</subfield>
    <subfield code="1">0</subfield>
    <subfield code="4">0</subfield>
    <subfield code="7">0</subfield>
    <subfield code="a">BCEJYS</subfield>
    <subfield code="b">BCEJYS</subfield>
    <subfield code="c">17</subfield>
    <subfield code="d">2016-05-01</subfield>
    <subfield code="h">N&#xBA; 5 - mayo 2016</subfield>
    <subfield code="l">0</subfield>
    <subfield code="o">H349.2 TEM 5.2016</subfield>
    <subfield code="p">R19912</subfield>
    <subfield code="r">2026-04-10 16:08:39</subfield>
    <subfield code="w">2026-04-10</subfield>
    <subfield code="y">RN</subfield>
  </datafield>
  <datafield tag="952" ind1=" " ind2=" ">
    <subfield code="0">0</subfield>
    <subfield code="1">0</subfield>
    <subfield code="4">0</subfield>
    <subfield code="7">0</subfield>
    <subfield code="a">BCEJYS</subfield>
    <subfield code="b">BCEJYS</subfield>
    <subfield code="c">17</subfield>
    <subfield code="d">2016-04-01</subfield>
    <subfield code="h">N&#xBA; 4 - abr. 2016</subfield>
    <subfield code="l">0</subfield>
    <subfield code="o">H349.2 TEM 4.2016</subfield>
    <subfield code="p">R19773</subfield>
    <subfield code="r">2026-04-10 16:08:39</subfield>
    <subfield code="w">2026-04-10</subfield>
    <subfield code="y">RN</subfield>
  </datafield>
  <datafield tag="952" ind1=" " ind2=" ">
    <subfield code="0">0</subfield>
    <subfield code="1">0</subfield>
    <subfield code="4">0</subfield>
    <subfield code="7">0</subfield>
    <subfield code="a">BCEJYS</subfield>
    <subfield code="b">BCEJYS</subfield>
    <subfield code="c">17</subfield>
    <subfield code="d">2016-03-01</subfield>
    <subfield code="h">N&#xBA; 3 - mar. 2016</subfield>
    <subfield code="l">0</subfield>
    <subfield code="o">H349.2 TEM 3.2016</subfield>
    <subfield code="p">R19772</subfield>
    <subfield code="r">2026-04-10 16:08:39</subfield>
    <subfield code="w">2026-04-10</subfield>
    <subfield code="y">RN</subfield>
  </datafield>
  <datafield tag="952" ind1=" " ind2=" ">
    <subfield code="0">0</subfield>
    <subfield code="1">0</subfield>
    <subfield code="4">0</subfield>
    <subfield code="7">0</subfield>
    <subfield code="a">BCEJYS</subfield>
    <subfield code="b">BCEJYS</subfield>
    <subfield code="c">17</subfield>
    <subfield code="d">2016-02-01</subfield>
    <subfield code="h">N&#xBA; 2 - feb. 2016</subfield>
    <subfield code="l">0</subfield>
    <subfield code="o">H349.2 TEM 2.2016</subfield>
    <subfield code="p">R19010</subfield>
    <subfield code="r">2026-04-10 16:08:39</subfield>
    <subfield code="w">2026-04-10</subfield>
    <subfield code="y">RN</subfield>
  </datafield>
  <datafield tag="952" ind1=" " ind2=" ">
    <subfield code="0">0</subfield>
    <subfield code="1">0</subfield>
    <subfield code="4">0</subfield>
    <subfield code="7">0</subfield>
    <subfield code="a">BCEJYS</subfield>
    <subfield code="b">BCEJYS</subfield>
    <subfield code="c">17</subfield>
    <subfield code="d">2015-12-01</subfield>
    <subfield code="h">N&#xBA; 12 - dic. 2015</subfield>
    <subfield code="l">0</subfield>
    <subfield code="o">H349.2 TEM 12.2015</subfield>
    <subfield code="p">R17780</subfield>
    <subfield code="r">2026-04-10 16:08:40</subfield>
    <subfield code="w">2026-04-10</subfield>
    <subfield code="y">RN</subfield>
  </datafield>
  <datafield tag="952" ind1=" " ind2=" ">
    <subfield code="0">0</subfield>
    <subfield code="1">0</subfield>
    <subfield code="4">0</subfield>
    <subfield code="7">0</subfield>
    <subfield code="a">BCEJYS</subfield>
    <subfield code="b">BCEJYS</subfield>
    <subfield code="c">17</subfield>
    <subfield code="d">2015-11-01</subfield>
    <subfield code="h">N&#xBA; 11 - nov. 2015</subfield>
    <subfield code="l">0</subfield>
    <subfield code="o">H349.2 TEM 11.2015</subfield>
    <subfield code="p">R17770</subfield>
    <subfield code="r">2026-04-10 16:08:40</subfield>
    <subfield code="w">2026-04-10</subfield>
    <subfield code="y">RN</subfield>
  </datafield>
  <datafield tag="952" ind1=" " ind2=" ">
    <subfield code="0">0</subfield>
    <subfield code="1">0</subfield>
    <subfield code="4">0</subfield>
    <subfield code="7">0</subfield>
    <subfield code="a">BCEJYS</subfield>
    <subfield code="b">BCEJYS</subfield>
    <subfield code="c">17</subfield>
    <subfield code="d">2015-10-01</subfield>
    <subfield code="h">N&#xBA; 10 - oct. 2015</subfield>
    <subfield code="l">0</subfield>
    <subfield code="o">H349.2 TEM 10.2015</subfield>
    <subfield code="p">R17411</subfield>
    <subfield code="r">2026-04-10 16:08:40</subfield>
    <subfield code="w">2026-04-10</subfield>
    <subfield code="y">RN</subfield>
  </datafield>
  <datafield tag="952" ind1=" " ind2=" ">
    <subfield code="0">0</subfield>
    <subfield code="1">0</subfield>
    <subfield code="4">0</subfield>
    <subfield code="7">0</subfield>
    <subfield code="a">BCEJYS</subfield>
    <subfield code="b">BCEJYS</subfield>
    <subfield code="c">17</subfield>
    <subfield code="d">2015-09-01</subfield>
    <subfield code="h">N&#xBA; 9 - sep. 2015</subfield>
    <subfield code="l">0</subfield>
    <subfield code="o">H349.2 TEM 9.2015</subfield>
    <subfield code="p">R15967</subfield>
    <subfield code="r">2026-04-10 16:08:40</subfield>
    <subfield code="w">2026-04-10</subfield>
    <subfield code="y">RN</subfield>
  </datafield>
  <datafield tag="952" ind1=" " ind2=" ">
    <subfield code="0">0</subfield>
    <subfield code="1">0</subfield>
    <subfield code="4">0</subfield>
    <subfield code="7">0</subfield>
    <subfield code="a">BCEJYS</subfield>
    <subfield code="b">BCEJYS</subfield>
    <subfield code="c">17</subfield>
    <subfield code="d">2015-08-01</subfield>
    <subfield code="h">N&#xBA; 8 - ago. 2015</subfield>
    <subfield code="l">0</subfield>
    <subfield code="o">H349.2 TEM 8.2015</subfield>
    <subfield code="p">R15464</subfield>
    <subfield code="r">2026-04-10 16:08:40</subfield>
    <subfield code="w">2026-04-10</subfield>
    <subfield code="y">RN</subfield>
  </datafield>
  <datafield tag="952" ind1=" " ind2=" ">
    <subfield code="0">0</subfield>
    <subfield code="1">0</subfield>
    <subfield code="4">0</subfield>
    <subfield code="7">0</subfield>
    <subfield code="a">BCEJYS</subfield>
    <subfield code="b">BCEJYS</subfield>
    <subfield code="c">17</subfield>
    <subfield code="d">2015-07-01</subfield>
    <subfield code="h">N&#xBA; 7 - jul. 2015</subfield>
    <subfield code="l">0</subfield>
    <subfield code="o">H349.2 TEM 7.2015</subfield>
    <subfield code="p">R14698</subfield>
    <subfield code="r">2026-04-10 16:08:40</subfield>
    <subfield code="w">2026-04-10</subfield>
    <subfield code="y">RN</subfield>
  </datafield>
  <datafield tag="952" ind1=" " ind2=" ">
    <subfield code="0">0</subfield>
    <subfield code="1">0</subfield>
    <subfield code="4">0</subfield>
    <subfield code="7">0</subfield>
    <subfield code="a">BCEJYS</subfield>
    <subfield code="b">BCEJYS</subfield>
    <subfield code="c">17</subfield>
    <subfield code="d">2015-06-01</subfield>
    <subfield code="h">N&#xBA; 6 - jun. 2015</subfield>
    <subfield code="l">0</subfield>
    <subfield code="o">H349.2 TEM 6.2015</subfield>
    <subfield code="p">R14697</subfield>
    <subfield code="r">2026-04-10 16:08:40</subfield>
    <subfield code="w">2026-04-10</subfield>
    <subfield code="y">RN</subfield>
  </datafield>
  <datafield tag="952" ind1=" " ind2=" ">
    <subfield code="0">0</subfield>
    <subfield code="1">0</subfield>
    <subfield code="4">0</subfield>
    <subfield code="7">0</subfield>
    <subfield code="a">BCEJYS</subfield>
    <subfield code="b">BCEJYS</subfield>
    <subfield code="c">17</subfield>
    <subfield code="d">2015-05-01</subfield>
    <subfield code="h">N&#xBA; 5 - mayo 2015</subfield>
    <subfield code="l">0</subfield>
    <subfield code="o">H349.2 TEM 5.2015</subfield>
    <subfield code="p">R14217</subfield>
    <subfield code="r">2026-04-10 16:08:40</subfield>
    <subfield code="w">2026-04-10</subfield>
    <subfield code="y">RN</subfield>
  </datafield>
  <datafield tag="952" ind1=" " ind2=" ">
    <subfield code="0">0</subfield>
    <subfield code="1">0</subfield>
    <subfield code="4">0</subfield>
    <subfield code="7">0</subfield>
    <subfield code="a">BCEJYS</subfield>
    <subfield code="b">BCEJYS</subfield>
    <subfield code="c">17</subfield>
    <subfield code="d">2015-04-01</subfield>
    <subfield code="h">N&#xBA; 4 - abr. 2015</subfield>
    <subfield code="l">0</subfield>
    <subfield code="o">H349.2 TEM 4.2015</subfield>
    <subfield code="p">R13993</subfield>
    <subfield code="r">2026-04-10 16:08:40</subfield>
    <subfield code="w">2026-04-10</subfield>
    <subfield code="y">RN</subfield>
  </datafield>
  <datafield tag="952" ind1=" " ind2=" ">
    <subfield code="0">0</subfield>
    <subfield code="1">0</subfield>
    <subfield code="4">0</subfield>
    <subfield code="7">0</subfield>
    <subfield code="a">BCEJYS</subfield>
    <subfield code="b">BCEJYS</subfield>
    <subfield code="c">17</subfield>
    <subfield code="d">2015-03-01</subfield>
    <subfield code="h">N&#xBA; 3 - mar. 2015</subfield>
    <subfield code="l">0</subfield>
    <subfield code="o">H349.2 TEM 3.2015</subfield>
    <subfield code="p">R13723</subfield>
    <subfield code="r">2026-04-10 16:08:40</subfield>
    <subfield code="w">2026-04-10</subfield>
    <subfield code="y">RN</subfield>
  </datafield>
  <datafield tag="952" ind1=" " ind2=" ">
    <subfield code="0">0</subfield>
    <subfield code="1">0</subfield>
    <subfield code="4">0</subfield>
    <subfield code="7">0</subfield>
    <subfield code="a">BCEJYS</subfield>
    <subfield code="b">BCEJYS</subfield>
    <subfield code="c">17</subfield>
    <subfield code="d">2015-02-01</subfield>
    <subfield code="h">N&#xBA; 2 - feb. 2015</subfield>
    <subfield code="l">0</subfield>
    <subfield code="o">H349.2 TEM 2.2015</subfield>
    <subfield code="p">R13630</subfield>
    <subfield code="r">2026-04-10 16:08:40</subfield>
    <subfield code="w">2026-04-10</subfield>
    <subfield code="y">RN</subfield>
  </datafield>
  <datafield tag="952" ind1=" " ind2=" ">
    <subfield code="0">0</subfield>
    <subfield code="1">0</subfield>
    <subfield code="4">0</subfield>
    <subfield code="7">0</subfield>
    <subfield code="a">BCEJYS</subfield>
    <subfield code="b">BCEJYS</subfield>
    <subfield code="c">17</subfield>
    <subfield code="d">2014-12-01</subfield>
    <subfield code="h">N&#xBA; 12 - dic. 2014</subfield>
    <subfield code="l">0</subfield>
    <subfield code="o">H349.2 TEM 12.2014</subfield>
    <subfield code="p">R13423</subfield>
    <subfield code="r">2026-04-10 16:08:40</subfield>
    <subfield code="w">2026-04-10</subfield>
    <subfield code="y">RN</subfield>
  </datafield>
  <datafield tag="952" ind1=" " ind2=" ">
    <subfield code="0">0</subfield>
    <subfield code="1">0</subfield>
    <subfield code="4">0</subfield>
    <subfield code="7">0</subfield>
    <subfield code="a">BCEJYS</subfield>
    <subfield code="b">BCEJYS</subfield>
    <subfield code="c">17</subfield>
    <subfield code="d">2014-11-01</subfield>
    <subfield code="h">N&#xBA; 11 - nov. 2014</subfield>
    <subfield code="l">0</subfield>
    <subfield code="o">H349.2 TEM 11.2014</subfield>
    <subfield code="p">R13422</subfield>
    <subfield code="r">2026-04-10 16:08:40</subfield>
    <subfield code="w">2026-04-10</subfield>
    <subfield code="y">RN</subfield>
  </datafield>
</record>
